The First Wives Club (Record no. 43946)
[ view plain ]
| 000 -LEADER | |
|---|---|
| fixed length control field | 02708cgm a2200649Ka 4500 |
| 003 - CONTROL NUMBER IDENTIFIER | |
| control field | OCoLC |
| 005 - DATE AND TIME OF LATEST TRANSACTION | |
| control field | 20241220120100.0 |
| 007 - PHYSICAL DESCRIPTION FIXED FIELD--GENERAL INFORMATION | |
| fixed length control field | vd cvaizu |
| 008 - FIXED-LENGTH DATA ELEMENTS--GENERAL INFORMATION | |
| fixed length control field | 000825s1998 cau102 vleng d |
| 001 - CONTROL NUMBER | |
| control field | ocm44880118 |
| 019 ## - | |
| -- | 40730080 |
| 020 ## - INTERNATIONAL STANDARD BOOK NUMBER | |
| International Standard Book Number | 0792153138 |
| 020 ## - INTERNATIONAL STANDARD BOOK NUMBER | |
| International Standard Book Number | 9780792153139 |
| 024 1# - OTHER STANDARD IDENTIFIER | |
| Standard number or code | 097363261278 |
| 028 40 - PUBLISHER NUMBER | |
| Publisher number | 326127 |
| Source | Paramount Pictures |
| 035 ## - SYSTEM CONTROL NUMBER | |
| System control number | (Sirsi) i9780792153139 |
| 035 ## - SYSTEM CONTROL NUMBER | |
| System control number | (OCoLC)44880118 |
| Canceled/invalid control number | (OCoLC)40730080 |
| 040 ## - CATALOGING SOURCE | |
| Original cataloging agency | LVL |
| Transcribing agency | LVL |
| Modifying agency | OCLCQ |
| -- | RCS |
| -- | BTCTA |
| -- | UINTA |
| 049 ## - LOCAL HOLDINGS (OCLC) | |
| Holding library | UCLB |
| 050 #4 - LIBRARY OF CONGRESS CALL NUMBER | |
| Classification number | PN1995.9.C55 |
| Item number | F57 1998 |
| 082 04 - DEWEY DECIMAL CLASSIFICATION NUMBER | |
| Classification number | 791.43/72 |
| Edition number | 22 |
| 092 ## - LOCALLY ASSIGNED DEWEY CALL NUMBER (OCLC) | |
| Classification number | 791.437 |
| 245 04 - TITLE STATEMENT | |
| Title | The First Wives Club |
| Medium | [videorecording] / |
| Statement of responsibility, etc | [presented by] Paramount Pictures ; screenplay by Robert Harling ; produced by Scott Rudin ; directed by Hugh Wilson. |
| 250 ## - EDITION STATEMENT | |
| Edition statement | Widescreen ed. |
| 260 ## - PUBLICATION, DISTRIBUTION, ETC. (IMPRINT) | |
| Place of publication, distribution, etc | Hollywood, Calif. : |
| Name of publisher, distributor, etc | Paramount Pictures, |
| Date of publication, distribution, etc | c1998. |
| 300 ## - PHYSICAL DESCRIPTION | |
| Extent | 1 videodisc (102 min.) : |
| Other physical details | sd., col., ; |
| Dimensions | 4 3/4 in. |
| 500 ## - GENERAL NOTE | |
| General note | For specific features see interactive menu. |
| 538 ## - SYSTEM DETAILS NOTE | |
| System details note | DVD. |
| 546 ## - LANGUAGE NOTE | |
| Language note | Closed captioned for the hearing impaired. |
| 500 ## - GENERAL NOTE | |
| General note | Title from cassette label. |
| 511 1# - PARTICIPANT OR PERFORMER NOTE | |
| Participant or performer note | Bette Midler, Goldie Hawn, Diane Keaton, Maggie Smith, Dan Hedaya, Bronson Pinchot, Marcia Gay Harden. |
| 508 ## - CREATION/PRODUCTION CREDITS NOTE | |
| Creation/production credits note | Director of photography, Donald Thorin; editor, John Bloom; music, Marc Shaiman. |
| 500 ## - GENERAL NOTE | |
| General note | Based on the novel by Olivia Goldsmith. |
| 500 ## - GENERAL NOTE | |
| General note | Originally released as motion picture in 1996. |
| 521 8# - TARGET AUDIENCE NOTE | |
| Target audience note | Rated PG. |
| 520 ## - SUMMARY, ETC. | |
| Summary, etc | Three mid-life Manhattanites have more than a longtime friendship in common. After years of helping their hubbies climb the corporate ladder of success, each has been dumped for a newer, curvier model. The trio is determined to turn their pain into gain. They come up with a cleverly devious plan to hit their exes where it really hurts--in the wallet! |
| 650 #0 - SUBJECT ADDED ENTRY--TOPICAL TERM | |
| Topical term or geographic name as entry element | Divorced women |
| Form subdivision | Drama. |
| 9 (RLIN) | 5781278 |
| 650 #0 - SUBJECT ADDED ENTRY--TOPICAL TERM | |
| Topical term or geographic name as entry element | Revenge |
| Form subdivision | Drama. |
| 9 (RLIN) | 5697951 |
| 655 #0 - INDEX TERM--GENRE/FORM | |
| Genre/form data or focus term | Feature films. |
| 9 (RLIN) | 6168471 |
| 655 #0 - INDEX TERM--GENRE/FORM | |
| Genre/form data or focus term | Comedy films. |
| 9 (RLIN) | 6168472 |
| 655 #0 - INDEX TERM--GENRE/FORM | |
| Genre/form data or focus term | Video recordings for the hearing impaired. |
| 9 (RLIN) | 6168473 |
| 700 1# - ADDED ENTRY--PERSONAL NAME | |
| Personal name | Rudin, Scott, |
| Dates associated with a name | 1958- |
| 9 (RLIN) | 23771 |
| 700 1# - ADDED ENTRY--PERSONAL NAME | |
| Personal name | Wilson, Hugh, |
| Dates associated with a name | 1943- |
| 9 (RLIN) | 26023 |
| 700 1# - ADDED ENTRY--PERSONAL NAME | |
| Personal name | Midler, Bette. |
| 9 (RLIN) | 18222 |
| 700 1# - ADDED ENTRY--PERSONAL NAME | |
| Personal name | Hawn, Goldie. |
| 9 (RLIN) | 15346 |
| 700 1# - ADDED ENTRY--PERSONAL NAME | |
| Personal name | Keaton, Diane. |
| 9 (RLIN) | 6168474 |
| 700 1# - ADDED ENTRY--PERSONAL NAME | |
| Personal name | Smith, Maggie, |
| Dates associated with a name | 1934- |
| 9 (RLIN) | 75455 |
| 700 1# - ADDED ENTRY--PERSONAL NAME | |
| Personal name | Hedaya, Dan. |
| 9 (RLIN) | 63469 |
| 700 1# - ADDED ENTRY--PERSONAL NAME | |
| Personal name | Pinchot, Bronson. |
| 9 (RLIN) | 65991 |
| 700 1# - ADDED ENTRY--PERSONAL NAME | |
| Personal name | Harden, Marcia Gay. |
| 9 (RLIN) | 62258 |
| 700 1# - ADDED ENTRY--PERSONAL NAME | |
| Personal name | Goldsmith, Olivia. |
| Title of a work | First Wives Club. |
| 9 (RLIN) | 6168475 |
| 710 2# - ADDED ENTRY--CORPORATE NAME | |
| Corporate name or jurisdiction name as entry element | Paramount Pictures Corporation. |
| 9 (RLIN) | 7712 |
| 938 ## - | |
| -- | Baker and Taylor |
| -- | BTCP |
| -- | be2004001106 |
| 942 ## - ADDED ENTRY ELEMENTS (KOHA) | |
| Koha item type | DVD |
| 994 ## - | |
| -- | C0 |
| -- | UINTA |
| 998 ## - LOCAL CONTROL INFORMATION (RLIN) | |
| -- | a98145 |
| Withdrawn status | Lost status | Source of classification or shelving scheme | Damaged status | Not for loan | Collection code | Home library | Current library | Shelving location | Date acquired | Source of acquisition | Cost, normal purchase price | Total Checkouts | Total Renewals | Full call number | Barcode | Date last seen | Date checked out | Cost, replacement price | Price effective from | Koha item type |
|---|---|---|---|---|---|---|---|---|---|---|---|---|---|---|---|---|---|---|---|---|
| Dewey Decimal Classification | Movies | Wasatch County Library | Wasatch County Library | Audio Visual Area | 05/09/2009 | Amazon | 8.99 | 94 | 5 | DVD Fir | 34301000819898 | 04/09/2025 | 03/04/2025 | 8.99 | 03/20/2020 | DVD |
